| 000 | 00884nam a2200289Ia 4500 | ||
|---|---|---|---|
| 003 | OSt | ||
| 005 | 20221007123519.0 | ||
| 006 | a|||||r|||| 00| 0 | ||
| 007 | ta | ||
| 008 | 221006b |||||||| |||| 00| 0 eng d | ||
| 020 |
_a3527404619 (pbk) _c3082.10 |
||
| 024 | _a13508 | ||
| 037 |
_b812, 21/02/2005, Unilib Book Distributors _cTextual |
||
| 040 |
_aPAPL _cPAPL _beng |
||
| 041 |
_2eng _aeng |
||
| 082 | _aC9B58, P4 Carpa | ||
| 100 |
_aWoods L C _9717326 |
||
| 245 | 0 | _aPhysics of plasmas | |
| 260 |
_aWeinheim _bWilet-VCH Verlag GmbH & Co. _c2004 |
||
| 300 |
_axi, 213p. _ccm. |
||
| 500 | _aBibliography 207-208p.; Index 209-213p. | ||
| 650 |
_a Plasma _9713405 |
||
| 650 | _a Plasma physics | ||
| 650 | _aPhysics | ||
| 942 |
_hC9B58, P4 Carpa _cTEXL _2CC |
||
| 999 |
_c1212027 _d1212027 |
||